Демон: опера в 3-х действиях

Bibliographische Detailangaben
1. Verfasser: Рубинштейн А.
Zusammenfassung:Сюжет заимствован из поэм М. Ю. Лермонтова.
Sprache:Russisch
Veröffentlicht: Горький, [Б. и.], 1937
Schlagworte:
Format: MixedMaterials Buch
KOHA link:https://koha.lib.tpu.ru/cgi-bin/koha/opac-detail.pl?biblionumber=326006

MARC

LEADER 00000nam0a2200000 4500
001 326006
005 20231102003822.0
035 |a (RuTPU)RU\TPU\book\351622 
090 |a 326006 
100 |a 20161216d1937 m y0rusy50 ca 
101 0 |a rus 
102 |a RU 
105 |a c z 000zy 
200 1 |a Демон  |e опера в 3-х действиях  |f А. Рубинштейн 
210 |a Горький  |c [Б. и.]  |d 1937 
215 |a 64 с.  |c портр. 
300 |a Сюжет заимствован из поэм М. Ю. Лермонтова. 
606 1 |a Опера  |x Либретто  |2 stltpush  |3 (RuTPU)RU\TPU\subj\47028  |9 66096 
610 1 |a роли 
610 1 |a исполнители 
610 1 |a оперные спектакли 
675 |a 782  |v 4 
700 1 |a Рубинштейн  |b А. 
801 1 |a RU  |b 63413507  |c 20161216 
801 2 |a RU  |b 63413507  |c 20200218  |g RCR 
942 |c BK